La vida de las imágenes
Guardat en:
| Autor principal: | |
|---|---|
| Format: | Llibre |
| Idioma: | espanyol |
| Publicat: |
Buenos Aires
Jorge Baudino Ediciones
2005
|
| Col·lecció: | Humanitas
|
| Matèries: | |
| Etiquetes: |
Afegir etiqueta
Sense etiquetes, Sigues el primer a etiquetar aquest registre!
|
MARC
| LEADER | 00000cam a2200000 a 4500 | ||
|---|---|---|---|
| 001 | UCF9582 | ||
| 003 | CL-VaPUC | ||
| 008 | 131129e20050000ag |||||||||||||||||spa|d | ||
| 020 | |a 9879020545 | ||
| 082 | 0 | 4 | |a 111.85 |b WUN |2 21 |
| 100 | 0 | |a Wunenburger, Jean-Jacques |e author |9 571953 | |
| 245 | 1 | 3 | |a La vida de las imágenes |
| 300 | |a 280 p | ||
| 942 | |c BK | ||
| 945 | |d 20131129 12:34:00 |a dcastane | ||
| 260 | |a Buenos Aires |b Jorge Baudino Ediciones |c 2005 | ||
| 650 | 0 | |a Filosofía moderna |9 258121 | |
| 650 | 0 | |a Estética |9 264950 | |
| 650 | 0 | |a Imágenes |9 361884 | |
| 650 | 0 | |a Belleza |9 265712 | |
| 650 | 0 | |a Crítica e interpretación |9 255042 | |
| 583 | |a last modification |c 20131129 12:34:00 |k Rodrigo Vera | ||
| 490 | 0 | |a Humanitas | |
| 999 | |c 354025 |d 354023 | ||
| 952 | |0 0 |1 0 |3 erb |4 0 |6 111_850000000000000_WUN_2005 |7 0 |8 A |9 459656 |a BIBART |b BIBART |i 5028965 |o 111.85 WUN 2005 |p 5028965 |r 2025-03-13 |w 2019-11-23 |y BK |z Catalogado en:20131129 |k ART | ||